The Illustrated London News. (Record no. 4318)

MARC details
000 -CABECERA
campo de control de longitud fija 00962nam a2200241 a 4500
001 - NÚMERO DE CONTROL
campo de control BRCA_4613
005 - FECHA Y HORA DE LA ÚLTIMA TRANSACCIÓN
campo de control 20190320204733.0
008 - DATOS DE LONGITUD FIJA--INFORMACIÓN GENERAL
campo de control de longitud fija 270910s1948----enka######---#000-0#eng-#
041 ## - CÓDIGO DE LENGUA
Código de lengua del texto/banda sonora o título independiente eng
044 ## - CÓDIGO DEL PAÍS DE LA ENTIDAD EDITORA/PRODUCTORA
Código MARC del país enk
050 #4 - SIGNATURA TOPOGRÁFICA DE LA BIBLIOTECA DEL CONGRESO
Número de clasificación NK3045
Número de documento/Ítem .I45 1948
245 10 - MENCIÓN DE TÍTULO
Título The Illustrated London News.
260 ## - PUBLICACIÓN, DISTRIBUCIÓN, ETC.
Lugar de publicación, distribución, etc. Londres
Nombre del editor, distribuidor, etc. Commonwealth House
Fecha de publicación, distribución, etc. 1948
300 ## - DESCRIPCIÓN FÍSICA
Extensión 1 v. (en varias paginaciones)
Otras características físicas il.
Dimensiones 36 cm.
500 ## - NOTA GENERAL
Nota general Vol. 213, No. 5710 septiembre 25, 1948
500 ## - NOTA GENERAL
Nota general Nota en portada: véase páginas 354-355 ´An ancien art wich has had a revival in Scotlan: modern tapestry weaving at the dovecote studios´ = Un arte antiguo que ha tenido un renacimiento en Escocia: tapiz tejido en los estudios de palomar
500 ## - NOTA GENERAL
Nota general Estado físico: encuadernación desprendida y deteriorada, páginas sueltas
500 ## - NOTA GENERAL
Nota general Revista inventariada por Banco de México como libro
500 ## - NOTA GENERAL
Nota general D30
650 14 - PUNTO DE ACCESO ADICIONAL DE MATERIA--TÉRMINO DE MATERIA
Término de materia o nombre geográfico como elemento de entrada Tapices
Subdivisión geográfica Escocia
9 (RLIN) 11678
902 ## - CATALOGADOR
Iniciales GFM
942 ## - ELEMENTOS DE PUNTO DE ACCESO ADICIONAL (KOHA)
Fuente del sistema de clasificación o colocación Library of Congress Classification
Tipo de ítem Koha Libros
Holdings
Estado de retiro Estado de pérdida Estado dañado No para préstamo Localización permanente Ubicación/localización actual Fecha de adquisición Número de inventario Total de préstamos Signatura topográfica completa Código de barras Fecha visto por última vez Precio válido a partir de Tipo de ítem Koha
El ejemplar forma parte de la colección y puede ser consultado según las políticas vigentes.       Biblioteca del Museo Franz Mayer (Rogerio Casas-Alatriste) Biblioteca del Museo Franz Mayer (Rogerio Casas-Alatriste) 27/09/2010 D30   NK3045 .I45 1948 (D30) 4611 22/03/2019 22/03/2019 Libros